| 000 | 00714nam a22002417a 4500 | ||
|---|---|---|---|
| 005 | 20260330114603.0 | ||
| 008 | 260330b |||||||| |||| 00| 0 eng d | ||
| 020 | _a97812605706670 | ||
| 040 | _cPK-LaUMT | ||
| 082 |
_a512.9 _bMES-B |
||
| 100 | 1 |
_aMessersmith, Sherri _910232 |
|
| 245 | 1 | 0 |
_aBeginning and intermediate Algebra / _cby Sherri Messersmith, Nathalie M. Vega-Rhodes and Robert S. Feldman |
| 250 | _a5th ed. | ||
| 260 |
_aNew York : _bMcGraw-Hill, _c2021 |
||
| 300 | _axxi, 1028 p. | ||
| 500 | _aIndex present | ||
| 546 | _aEng | ||
| 650 | _aGeometry | ||
| 650 |
_aLinear equations _910233 |
||
| 700 | 1 |
_aVega-Rhodes, Nathalie M. _910234 |
|
| 700 | 1 |
_aFeldman, Robert S. _910235 |
|
| 942 | _cBK | ||
| 999 |
_c140265 _d140265 |
||